[Event "Quebec op"]
[Site "Montreal CAN"]
[Date "2011.07.29"]
[Round "8"]
[White "Zhang, Yuanchen"]
[Black "Barre, Michel"]
[Result "1-0"]
[WhiteElo "1832"]
[BlackElo "1854"]
[PlyCount "135"]
[GameId "2160767909649543"]
[EventDate "2011.07.23"]
[EventType "swiss"]
[EventRounds "9"]
[EventCountry "CAN"]
[SourceTitle "EXT 2022"]
[Source "ChessBase"]
[SourceDate "2021.10.06"]
[SourceVersion "1"]
[SourceVersionDate "2021.10.06"]
[SourceQuality "1"]

1. d4 Nf6 2. c4 e6 3. Nc3 Bb4 4. Qc2 O-O 5. a3 Bxc3+ 6. Qxc3 b6 7. Bg5 Bb7 8. f3 d5 9. cxd5 exd5 10. Rc1 c6 11. e3 Re8 12. Bd3 h6 13. Bxf6 Qxf6 14. Qd2 Nd7 15. Ne2 c5 16. O-O Re7 17. Bb5 Bc6 18. Bxc6 Qxc6 19. dxc5 bxc5 20. Nf4 Nb6 21. Rfd1 Rd8 22. Qa5 Rc8 23. b4 Nc4 24. Qxc5 Qxc5 25. bxc5 Nxe3 26. Nxd5 Nxd5 27. Rxd5 Kf8 28. Kf2 Re6 29. Rc4 g6 30. Ra4 Rc7 31. Rc4 Kg7 32. f4 f5 33. Re5 Kf6 34. Rd5 Rce7 35. Rd3 Rc7 36. Re3 Ke7 37. Ke2 Kd7 38. Rd4+ Ke7 39. Rd5 Kf7 40. Ree5 Ra6 41. Rd3 Ra4 42. Rd6 Rxa3 43. c6 Ra6 44. Ree6 Re7 45. Rxe7+ Kxe7 46. c7 Rxd6 47. c8=Q a6 48. Qc5 Kd7 49. h3 h5 50. Qa7+ Ke6 51. Qg7 Kd5 52. Kd3 Kc5+ 53. Kc3 Rc6 54. Qd4+ Kb5+ 55. Kb3 a5 56. Qd5+ Kb6 57. Ka4 Rc5 58. Qd6+ Rc6 59. Qb8+ Kc5 60. Qb5+ Kd6 61. Qe5+ Kd7 62. Kxa5 Re6 63. Qd5+ Ke7 64. Kb5 Kf6 65. Kc5 Re1 66. Kd6 Kg7 67. Qe5+ Rxe5 68. fxe5 1-0

[Event "CAN-op (Pinnacle 48th CAN Op Ch)"]
[Site "Toronto CAN"]
[Date "2011.07.09"]
[Round "1"]
[White "Melekhina, Alisa"]
[Black "Zhang, Yuanchen"]
[Result "1-0"]
[WhiteElo "2262"]
[BlackElo "1932"]
[PlyCount "175"]
[GameId "2160767909706967"]
[EventDate "2011.07.09"]
[EventType "swiss"]
[EventRounds "9"]
[EventCountry "CAN"]
[SourceTitle "hb 2011"]

1. e4 c5 2. c3 d5 3. exd5 Qxd5 4. d4 cxd4 5. cxd4 Nc6 6. Be3 e5 7. Nc3 Bb4 8. Nf3 Bg4 9. Be2 exd4 10. O-O Bxc3 11. bxc3 Nge7 12. cxd4 O-O 13. Qa4 Qa5 14. Qxa5 Nxa5 15. Rab1 b6 16. Rfc1 Be6 17. a3 Rac8 18. Ba6 Rxc1+ 19. Rxc1 Nd5 20. Bd3 Rc8 21. Ng5 Rxc1+ 22. Bxc1 h6 23. Nxe6 fxe6 24. Kf1 Kf7 25. Ke2 Nb3 26. Be3 Ke7 27. Kd1 Kd6 28. Kc2 Na5 29. Bb5 Nc6 30. Kd3 Nce7 31. Bc1 a5 32. Kc4 Nf5 33. a4 Kc7 34. Ba3 Nd6+ 35. Bxd6+ Kxd6 36. Be8 Nf6 37. Bg6 Ng4 38. Kb5 Kc7 39. Bf7 Nxf2 40. Bxe6 Ne4 41. Kc4 Kd6 42. Bf7 Nf6 43. d5 Ne4 44. Kd4 Nc5 45. Be8 Na6 46. h4 Nc7 47. Bc6 Na6 48. Bb5 Nb4 49. Bc4 g6 50. Bb3 Na6 51. Bc2 g5 52. hxg5 hxg5 53. Bb3 Nc5 54. Bd1 Nd7 55. Bh5 Nf6 56. Bf7 Ke7 57. Be6 Kd6 58. Kc4 Ne4 59. Bf5 Nf6 60. Be6 Ne4 61. Bf7 Ke7 62. Bg8 Kd6 63. Be6 Nc5 64. Kb5 Kc7 65. Bg8 Kd6 66. Bf7 Kc7 67. Bg6 Kd6 68. Be8 Kc7 69. d6+ Kxd6 70. Kxb6 Nb3 71. Bf7 Nc5 72. Kxa5 Nd7 73. Kb5 Kc7 74. Bd5 Nb6 75. Bf3 Nc8 76. a5 Nd6+ 77. Kc5 Nc8 78. a6 Na7 79. g4 Kb8 80. Bb7 Kc7 81. Kd5 Kd7 82. Ke5 Ke7 83. Kf5 Kf7 84. Kxg5 Kg7 85. Bd5 Nb5 86. Kf5 Nc7 87. a7 Kh7 88. a8=Q 1-0

[Event "CAN-op (Pinnacle 48th CAN Op Ch)"]
[Site "Toronto CAN"]
[Date "2011.07.11"]
[Round "3"]
[White "Kong, Dezheng"]
[Black "Zhang, Yuanchen"]
[Result "1-0"]
[WhiteElo "2120"]
[BlackElo "1932"]
[PlyCount "133"]
[GameId "2160767909707099"]
[EventDate "2011.07.09"]
[EventType "swiss"]
[EventRounds "9"]
[EventCountry "CAN"]
[SourceTitle "hb 2011"]

1. d4 Nf6 2. Nf3 e6 3. e3 c5 4. Bd3 Qb6 5. O-O Nc6 6. dxc5 Bxc5 7. Nc3 Qc7 8. a3 d5 9. Nb5 Qb8 10. b4 Be7 11. c4 O-O 12. Qc2 h6 13. Bb2 Bd7 14. Nbd4 Rc8 15. c5 Nd8 16. Nb3 a5 17. Be5 Qa7 18. Bd4 Nc6 19. b5 Nxd4 20. exd4 a4 21. Nbd2 Qa5 22. Qb2 Nh5 23. Rfe1 Nf4 24. Bf1 Qc7 25. Ne5 Bf6 26. Ndf3 Bxe5 27. Nxe5 f6 28. b6 Qd8 29. Nd3 Nxd3 30. Bxd3 Qe8 31. f4 Qf7 32. Re2 Re8 33. Rae1 Kh8 34. Qc2 Qf8 35. Qb2 Qf7 36. Bb5 Rac8 37. Qb4 Ra8 38. Rc1 Rec8 39. Rb1 Kg8 40. Rbe1 Re8 41. Re3 Kh8 42. Qb2 Kg8 43. Qe2 Bxb5 44. Qxb5 Qh5 45. Qe2 Qxe2 46. R1xe2 Kf7 47. f5 e5 48. dxe5 Rac8 49. e6+ Ke7 50. Rc2 Red8 51. Rg3 Rg8 52. Rd3 Rgd8 53. Rd4 g6 54. g4 g5 55. Kf2 Rc6 56. Ke3 Rdc8 57. Rxd5 Rxb6 58. Rd7+ Ke8 59. cxb6 Rxc2 60. Rxb7 Rc3+ 61. Kd4 Rxa3 62. Ra7 Rb3 63. b7 a3 64. Ra8+ Ke7 65. b8=Q Rxb8 66. Rxb8 a2 67. Ra8 1-0

[Event "CAN-op (Pinnacle 48th CAN Op Ch)"]
[Site "Toronto CAN"]
[Date "2011.07.12"]
[Round "4"]
[White "Zhang, Yuanchen"]
[Black "Longo, Tyler"]
[Result "0-1"]
[WhiteElo "1932"]
[BlackElo "2087"]
[PlyCount "92"]
[GameId "2160767909707211"]
[EventDate "2011.07.09"]
[EventType "swiss"]
[EventRounds "9"]
[EventCountry "CAN"]

1. d4 d5 2. c4 dxc4 3. Nf3 Nf6 4. e3 e6 5. Bxc4 c5 6. O-O a6 7. Bd3 cxd4 8. exd4 b5 9. Qe2 Bb7 10. Rd1 Be7 11. Nc3 O-O 12. Bg5 Nbd7 13. Ne5 Nb6 14. Bxf6 Bxf6 15. Ne4 Nd5 16. Qh5 g6 17. Qg4 Rc8 18. Rac1 Qe7 19. Nc3 Rfd8 20. Nxd5 Bxd5 21. Bb1 Rxc1 22. Rxc1 Qb4 23. Qe2 Qxd4 24. Nd3 Bxa2 25. Bxa2 Qxd3 26. Qxd3 Rxd3 27. Bb1 Rb3 28. Rc2 Bxb2 29. Ba2 Rc3 30. Rxc3 Bxc3 31. Kf1 Kg7 32. Ke2 Kf6 33. Kd3 Be1 34. f3 Ke5 35. Bb3 a5 36. Ke2 a4 37. Bc2 Ba5 38. Kd3 Kd5 39. Bd1 Bc7 40. h3 Kc5 41. Kc3 Be5+ 42. Kc2 b4 43. Kd3 b3 44. g4 Kb4 45. Kd2 a3 46. Kc1 a2 0-1

[Event "CAN-op (Pinnacle 48th CAN Op Ch)"]
[Site "Toronto CAN"]
[Date "2011.07.13"]
[Round "5"]
[White "Deline, Ralph"]
[Black "Zhang, Yuanchen"]
[Result "0-1"]
[WhiteElo "1828"]
[BlackElo "1932"]
[PlyCount "95"]
[GameId "2160767909707229"]
[EventDate "2011.07.09"]
[EventType "swiss"]
[EventRounds "9"]
[EventCountry "CAN"]
[SourceTitle "hb 2011"]

1. e4 c5 2. c3 d5 3. exd5 Qxd5 4. d4 Nc6 5. Nf3 cxd4 6. cxd4 e5 7. Nc3 Bb4 8. Bd2 Bxc3 9. Bxc3 e4 10. Ne5 Nxe5 11. dxe5 Ne7 12. Qd4 O-O 13. e6 Qxd4 14. exf7+ Rxf7 15. Bxd4 Be6 16. Be2 Nc6 17. Bc3 Rd8 18. O-O Nd4 19. Bxd4 Rxd4 20. Rfd1 Rfd7 21. Kf1 Rd2 22. b3 Kf7 23. Ke1 Rb2 24. Rxd7+ Bxd7 25. a3 Be6 26. b4 Kf6 27. h4 Ke5 28. g3 Kd4 29. Rc1 Rb3 30. Rc7 Rxa3 31. Rxb7 Kc3 32. Bd1 Ra1 33. Rxg7 Bb3 34. Rd7 Bxd1 35. Rxd1 Rxd1+ 36. Kxd1 Kxb4 37. g4 Kc4 38. g5 Kd5 39. h5 Ke5 40. g6 hxg6 41. h6 Kf6 42. Ke2 g5 43. Ke3 Kg6 44. Kxe4 Kxh6 45. f4 g4 46. f5 g3 47. Kf3 g2 48. Kxg2 0-1

[Event "CAN-op (Pinnacle 48th CAN Op Ch)"]
[Site "Toronto CAN"]
[Date "2011.07.14"]
[Round "6"]
[White "Peev, Pavel"]
[Black "Zhang, Yuanchen"]
[Result "1-0"]
[WhiteElo "2083"]
[BlackElo "1932"]
[PlyCount "59"]
[GameId "2160767909707333"]
[EventDate "2011.07.09"]
[EventType "swiss"]
[EventRounds "9"]
[EventCountry "CAN"]
[SourceTitle "hb 2011"]

1. e4 c5 2. Nf3 e6 3. d4 cxd4 4. Nxd4 Nf6 5. Nc3 Nc6 6. Be2 Qc7 7. Ndb5 Qb8 8. a4 a6 9. Na3 Bb4 10. Bf3 Qe5 11. O-O Nd4 12. Nc4 Qc5 13. e5 Qxc4 14. exf6 gxf6 15. Ne4 Be7 16. b3 Nxf3+ 17. Qxf3 Qd4 18. Be3 Qe5 19. Rad1 f5 20. Ng3 Qc3 21. Rfe1 Qc6 22. Qh5 d6 23. Bg5 e5 24. Bxe7 Kxe7 25. Qg5+ Kf8 26. Qf6 Rg8 27. Rxd6 Be6 28. Rxc6 bxc6 29. Nxf5 Bxf5 30. Qxf5 1-0

[Event "CAN-op (Pinnacle 48th CAN Op Ch)"]
[Site "Toronto CAN"]
[Date "2011.07.15"]
[Round "7"]
[White "Zhang, Yuanchen"]
[Black "Zhao, Yue Tong (Davy)"]
[Result "1-0"]
[WhiteElo "1932"]
[BlackElo "1512"]
[PlyCount "100"]
[GameId "2160767909707434"]
[EventDate "2011.07.09"]
[EventType "swiss"]
[EventRounds "9"]
[EventCountry "CAN"]
[SourceTitle "hb 2011"]

1. d4 f5 2. e4 fxe4 3. Nc3 Nf6 4. Bg5 g6 5. Bc4 Bg7 6. Qe2 b5 7. Bxf6 Bxf6 8. Qxe4 c6 9. Bb3 Qb6 10. Nf3 d5 11. Qe3 a5 12. a4 b4 13. Ne2 Nd7 14. Nf4 e5 15. Nd3 e4 16. Nf4 Ba6 17. Rd1 O-O-O 18. Ng1 Rde8 19. Nge2 Rhf8 20. h4 Kb7 21. Qh3 Nb8 22. Ne6 Rf7 23. Nc5+ Kc7 24. Qg3+ Kc8 25. Qd6 Qc7 26. Qxc7+ Kxc7 27. Nf4 Kd6 28. g3 Bxd4 29. Nxa6 Bxb2 30. Nxb8 Rxb8 31. O-O Bc3 32. Ne2 Re7 33. Nxc3 bxc3 34. Rfe1 Kc5 35. Kg2 Rb4 36. f3 exf3+ 37. Kxf3 Rxe1 38. Rxe1 Rxb3 39. cxb3 Kb4 40. Ke3 Kxb3 41. Kd3 c5 42. Rb1+ Ka2 43. Rb5 c4+ 44. Kxc3 Ka3 45. Rxa5 d4+ 46. Kxc4 d3 47. Kxd3 Kb4 48. Ra8 Kc5 49. a5 Kc6 50. a6 Kc7 1-0

[Event "CAN-op (Pinnacle 48th CAN Op Ch)"]
[Site "Toronto CAN"]
[Date "2011.07.17"]
[Round "9"]
[White "Back, Jeff"]
[Black "Zhang, Yuanchen"]
[Result "1/2-1/2"]
[WhiteElo "2053"]
[BlackElo "1932"]
[PlyCount "51"]
[GameId "2160767909707507"]
[EventDate "2011.07.09"]
[EventType "swiss"]
[EventRounds "9"]
[EventCountry "CAN"]
[SourceTitle "hb 2011"]

1. d4 Nf6 2. Nc3 e6 3. Nf3 c5 4. Bg5 d5 5. e4 dxe4 6. Nxe4 cxd4 7. Bxf6 gxf6 8. Qxd4 Qxd4 9. Nxd4 f5 10. Nc3 a6 11. Be2 Bg7 12. O-O-O O-O 13. f4 Bh6 14. g3 e5 15. Nf3 Nc6 16. Nd5 e4 17. Nh4 Be6 18. Ne3 Ne7 19. Rd6 Bg7 20. Kb1 Rfd8 21. Rhd1 Rxd6 22. Rxd6 Bf8 23. Rd1 Bg7 24. Rd6 Bf8 25. Rd1 Bg7 26. Rd6 1/2-1/2

[Event "Scarborough CC Spring Into Summer"]
[Site "Toronto CAN"]
[Date "2011.05.26"]
[Round "4"]
[White "Zhang, Yuanchen"]
[Black "Bzikot, Robert"]
[Result "1-0"]
[WhiteElo "1925"]
[BlackElo "1975"]
[PlyCount "94"]
[GameId "2160767909704754"]
[EventDate "2011.04.28"]
[EventType "swiss"]
[EventRounds "9"]
[EventCountry "CAN"]
[SourceTitle "EXT 2022"]
[Source "ChessBase"]
[SourceDate "2021.10.06"]
[SourceVersion "1"]
[SourceVersionDate "2021.10.06"]
[SourceQuality "1"]

1. d4 f5 2. e4 fxe4 3. Nc3 Nf6 4. Bg5 Nc6 5. d5 Ne5 6. Qd4 Nf7 7. Bxf6 exf6 8. Qxe4+ Qe7 9. Qxe7+ Bxe7 10. O-O-O O-O 11. f4 a6 12. g3 b5 13. Bg2 Nd6 14. Nf3 Rb8 15. Rhe1 Re8 16. Ne4 Kf8 17. Nxd6 Bxd6 18. Nd4 g6 19. Rxe8+ Kxe8 20. Re1+ Kf7 21. Kd2 a5 22. Bf1 b4 23. Bc4 Kf8 24. Nb5 Rb6 25. Nxd6 Rxd6 26. Ke2 Bb7 27. Rd1 Ke7 28. Rd2 h6 29. Ke3 Rb6 30. b3 Ba8 31. Kd4 Kd6 32. Rd3 Rb8 33. Re3 Bb7 34. Re2 Ra8 35. Re1 Rg8 36. h4 g5 37. hxg5 fxg5 38. f5 Rf8 39. Rf1 Rf6 40. g4 c5+ 41. dxc6 Bxc6 42. Re1 Bf3 43. Be2 Bc6 44. Bc4 Rf8 45. Re5 Ra8 46. f6 Kc7 47. f7 d6 1-0

[Event "Scarborough CC Spring Into Summer"]
[Site "Toronto CAN"]
[Date "2011.06.09"]
[Round "6"]
[White "Zhang, Yuanchen"]
[Black "Southam, David"]
[Result "1/2-1/2"]
[WhiteElo "1925"]
[BlackElo "2124"]
[PlyCount "89"]
[GameId "2160767909704762"]
[EventDate "2011.04.28"]
[EventType "swiss"]
[EventRounds "9"]
[EventCountry "CAN"]
[SourceTitle "EXT 2022"]
[Source "ChessBase"]
[SourceDate "2021.10.06"]
[SourceVersion "1"]
[SourceVersionDate "2021.10.06"]
[SourceQuality "1"]

1. d4 Nf6 2. c4 g6 3. Nc3 Bg7 4. e4 d6 5. Nf3 O-O 6. Be2 e5 7. dxe5 dxe5 8. Qxd8 Rxd8 9. Bg5 Re8 10. Nd5 Nxd5 11. cxd5 c6 12. Bc4 cxd5 13. Bxd5 Nd7 14. Nd2 Nb6 15. Bb3 Be6 16. Bxe6 Rxe6 17. Rc1 Rc8 18. Rxc8+ Nxc8 19. O-O Rc6 20. Nb3 Nd6 21. f3 f5 22. Rd1 b6 23. Be7 Bf8 24. Rxd6 Rxd6 25. Bxd6 Bxd6 26. Kf2 Kf7 27. Ke3 Ke6 28. Kd3 b5 29. a3 a6 30. Nc1 h5 31. Ne2 Bc5 32. Nc3 Bd4 33. b3 Bg1 34. h3 Bc5 35. a4 bxa4 36. bxa4 Kd6 37. Nd5 Kc6 38. Kc4 h4 39. Nb4+ Bxb4 40. Kxb4 Kb6 41. Kc4 Kc6 42. a5 Kd6 43. Kb4 Kc6 44. Kc4 Kd6 45. Kb4 1/2-1/2

[Event "Scarborough CC Spring Into Summer"]
[Site "Toronto CAN"]
[Date "2011.06.16"]
[Round "7"]
[White "Picana, Andrew"]
[Black "Zhang, Yuanchen"]
[Result "1/2-1/2"]
[WhiteElo "2182"]
[BlackElo "1925"]
[PlyCount "106"]
[GameId "2160767909704765"]
[EventDate "2011.04.28"]
[EventType "swiss"]
[EventRounds "9"]
[EventCountry "CAN"]

1. c4 Nf6 2. Nc3 e6 3. d4 Bb4 4. Qc2 O-O 5. Nf3 c5 6. e3 b6 7. a3 Bxc3+ 8. Qxc3 Ne4 9. Qc2 Bb7 10. Bd3 f5 11. b3 d6 12. Bb2 Nd7 13. O-O-O Qe7 14. Rhg1 a6 15. Rdf1 d5 16. Nd2 Nxd2 17. Qxd2 cxd4 18. exd4 Rac8 19. Kb1 dxc4 20. Bxc4 b5 21. Bd3 Bd5 22. Ka2 Qd6 23. Qb4 Qxb4 24. axb4 Nf6 25. f3 Rc7 26. Rc1 Rfc8 27. Rxc7 Rxc7 28. Rc1 Rxc1 29. Bxc1 Bc6 30. Kb2 Nd5 31. Bd2 Kf7 32. Be2 h6 33. Kc2 Nf6 34. Kd3 Bd5 35. Bd1 g5 36. Ke3 Nd7 37. Bc2 Kf6 38. Bc3 Nf8 39. Kf2 Ng6 40. g3 h5 41. Bd2 g4 42. Bd1 Ne7 43. fxg4 hxg4 44. Ke3 Be4 45. Kf2 Nd5 46. Be2 Ke7 47. Bf1 Kd6 48. h3 gxh3 49. Bxh3 Bc2 50. g4 fxg4 51. Bxg4 Bxb3 52. Bf3 Bc2 53. Ke2 e5 1/2-1/2

[Event "Scarborough CC Spring Into Summer"]
[Site "Toronto CAN"]
[Date "2011.06.23"]
[Round "8"]
[White "Zhang, Yuanchen"]
[Black "Posaratnanathan, Juliaan"]
[Result "1/2-1/2"]
[WhiteElo "1925"]
[BlackElo "1902"]
[PlyCount "67"]
[GameId "2160767909704773"]
[EventDate "2011.04.28"]
[EventType "swiss"]
[EventRounds "9"]
[EventCountry "CAN"]
[SourceTitle "EXT 2022"]
[Source "ChessBase"]
[SourceDate "2021.10.06"]
[SourceVersion "1"]
[SourceVersionDate "2021.10.06"]
[SourceQuality "1"]

1. d4 Nf6 2. c4 e6 3. Nc3 Bb4 4. Qc2 O-O 5. Bg5 b6 6. e4 h6 7. Bh4 Be7 8. Bd3 Nc6 9. Nge2 Nb4 10. Qd2 Nxd3+ 11. Qxd3 Ba6 12. Bxf6 Bxf6 13. e5 Be7 14. O-O d5 15. b3 c5 16. Rfd1 Qd7 17. Qc2 Rac8 18. cxd5 exd5 19. Rac1 cxd4 20. Rxd4 Qe6 21. Qd2 Rfd8 22. Nf4 Bg5 23. Nxe6 Bxd2 24. Rxd2 fxe6 25. h3 d4 26. Ne2 Rxc1+ 27. Nxc1 Rc8 28. Ne2 d3 29. Nd4 Kf7 30. f4 Rd8 31. Nf3 Kg6 32. Kf2 Kf5 33. Ke3 g5 34. Nd4+ 1/2-1/2

[Event "CAN-ch U20"]
[Site "Mississauga CAN"]
[Date "2011.04.21"]
[Round "1"]
[White "Zhang, Yuanchen"]
[Black "Calugar, Arthur"]
[Result "0-1"]
[WhiteElo "1978"]
[BlackElo "2399"]
[PlyCount "142"]
[GameId "2160767909770582"]
[EventDate "2011.04.22"]
[EventType "swiss"]
[EventRounds "9"]
[EventCountry "CAN"]
[SourceTitle "EXT 2022"]
[Source "ChessBase"]
[SourceDate "2021.10.06"]
[SourceVersion "1"]
[SourceVersionDate "2021.10.06"]
[SourceQuality "1"]

1. d4 Nf6 2. c4 g6 3. Nc3 d5 4. cxd5 Nxd5 5. e4 Nxc3 6. bxc3 Bg7 7. Nf3 O-O 8. Be3 c5 9. Rc1 cxd4 10. cxd4 Qa5+ 11. Qd2 Qxd2+ 12. Nxd2 Rd8 13. Nb3 e6 14. Bg5 f6 15. Be3 Nc6 16. Bc4 f5 17. Bg5 Re8 18. e5 h6 19. Be3 Rd8 20. f4 Nb4 21. Nc5 Nd5 22. Bd2 a6 23. a4 b6 24. Nd3 Bb7 25. O-O Bc6 26. Bb3 Be8 27. Rfd1 Bf8 28. a5 Rab8 29. axb6 Rxb6 30. Ba5 Rxb3 31. Bxd8 Ne3 32. Rd2 Ba3 33. Ra1 Nc4 34. Rdd1 Rb8 35. Bh4 Kf7 36. Rab1 Bb5 37. Bf2 Rd8 38. Nc5 Rc8 39. h3 Rd8 40. Nd3 Rd7 41. Nb4 Nb2 42. Rd2 Nc4 43. Rc2 Ke7 44. Rb3 Bxb4 45. Rxb4 Nb6 46. Rc5 Nd5 47. Rbxb5 axb5 48. Rxb5 Nxf4 49. Kf1 Ra7 50. Rb1 Kd7 51. Be3 g5 52. d5 Ra3 53. Bxf4 gxf4 54. d6 Re3 55. Rb7+ Kc6 56. Rc7+ Kb6 57. Rc4 Rxe5 58. Rxf4 Kc6 59. Rh4 Kxd6 60. Rxh6 Ra5 61. Rf6 Ke5 62. Rf8 Kf4 63. Rb8 e5 64. Rb3 Ra2 65. g3+ Ke4 66. Rb4+ Kd5 67. Rb3 Rh2 68. h4 Ke4 69. Rb4+ Kf3 70. Rb3+ Kg4 71. Re3 e4 0-1

[Event "CAN-ch U20"]
[Site "Mississauga CAN"]
[Date "2011.04.22"]
[Round "2"]
[White "Liu, Jiaxin (Dora)"]
[Black "Zhang, Yuanchen"]
[Result "0-1"]
[WhiteElo "1440"]
[BlackElo "1914"]
[PlyCount "123"]
[GameId "2160767909770587"]
[EventDate "2011.04.22"]
[EventType "swiss"]
[EventRounds "9"]
[EventCountry "CAN"]

1. e4 c5 2. Nf3 e6 3. d4 cxd4 4. Nxd4 Nf6 5. Bd3 Nc6 6. c3 Qb6 7. Nxc6 Qxc6 8. Qf3 Bc5 9. O-O d6 10. Qe2 a6 11. e5 dxe5 12. Qxe5 Qd5 13. Qxd5 Nxd5 14. a3 b5 15. Re1 O-O 16. Bc2 Bb7 17. Nd2 Rfd8 18. Ne4 Bb6 19. Bd2 Rac8 20. Rad1 h6 21. h3 f5 22. Ng3 Kf7 23. Ne2 g5 24. Bb3 Nf6 25. Ng3 Bd5 26. Bc2 f4 27. Nf1 Rd7 28. g3 Bf3 29. Bb3 Ne4 30. Rxe4 Bxe4 31. Re1 Bd5 32. Bxd5 Rxd5 33. gxf4 gxf4 34. Bxf4 Rg8+ 35. Bg3 Bc7 36. Re3 Bxg3 37. Nxg3 Rd2 38. Rf3+ Ke7 39. b3 Ra2 40. c4 Rxa3 41. cxb5 axb5 42. Kg2 Rg5 43. Rd3 Rd5 44. Rc3 b4 45. Re3 Kd7 46. Kf3 Ra2 47. Re4 Rd3+ 48. Re3 Rxe3+ 49. fxe3 Rb2 50. Ne4 Kc6 51. Nf6 Rxb3 52. Ng4 h5 53. Nf6 h4 54. Ng4 Rc3 55. Ne5+ Kd5 56. Ng6 b3 57. Nxh4 b2 58. Ng6 b1=Q 59. h4 Qf1+ 60. Kg4 Rxe3 61. Kg5 Rg3+ 62. Kh6 0-1

[Event "CAN-ch U20"]
[Site "Mississauga CAN"]
[Date "2011.04.24"]
[Round "7"]
[White "Zhang, Yuanchen"]
[Black "Miller, David"]
[Result "1-0"]
[WhiteElo "1914"]
[BlackElo "1952"]
[PlyCount "109"]
[GameId "2160767909770620"]
[EventDate "2011.04.22"]
[EventType "swiss"]
[EventRounds "9"]
[EventCountry "CAN"]
[SourceTitle "hb 2012"]

1. d4 Nf6 2. c4 g6 3. Nc3 Bg7 4. e4 O-O 5. Nf3 d6 6. Be2 e5 7. dxe5 dxe5 8. Qxd8 Rxd8 9. Bg5 Re8 10. Nd5 Nxd5 11. cxd5 c6 12. Bc4 cxd5 13. Bxd5 Nd7 14. Nd2 Nf6 15. Bb3 Be6 16. Bxe6 Rxe6 17. Rc1 h6 18. Bxf6 Bxf6 19. Rc7 Re7 20. Rc5 Rd8 21. Ke2 b6 22. Rc6 Red7 23. Nf3 Bg7 24. Rhc1 Kh7 25. Rc7 f6 26. Rxd7 Rxd7 27. Rc6 Kg8 28. Nd2 Kf7 29. Nc4 Bf8 30. Ne3 Bd6 31. Nd5 f5 32. Kd3 Ke6 33. f3 g5 34. Ne3 fxe4+ 35. Kxe4 Rc7 36. Rxc7 Bxc7 37. Nf5 Bd8 38. Nxh6 Be7 39. Ng4 Bd6 40. g3 b5 41. h4 gxh4 42. gxh4 Be7 43. h5 Bg5 44. h6 Kf7 45. Nxe5+ Kg8 46. Ng4 b4 47. f4 Be7 48. b3 a6 49. Ke5 Bf8 50. f5 Kf7 51. f6 a5 52. h7 Bg7 53. fxg7 Kxg7 54. Kd5 Kxh7 55. Kc5 1-0

[Event "CAN-ch U20"]
[Site "Mississauga CAN"]
[Date "2011.04.25"]
[Round "8"]
[White "Sapozhnikov, Roman"]
[Black "Zhang, Yuanchen"]
[Result "1-0"]
[WhiteElo "2443"]
[BlackElo "1914"]
[PlyCount "119"]
[GameId "2160767909770630"]
[EventDate "2011.04.22"]
[EventType "swiss"]
[EventRounds "9"]
[EventCountry "CAN"]
[SourceTitle "hb 2012"]

1. e4 c5 2. Nf3 e6 3. d4 cxd4 4. Nxd4 Nf6 5. Nc3 Nc6 6. a3 a6 7. Nxc6 bxc6 8. e5 Nd5 9. Ne4 Qc7 10. f4 Qb6 11. c4 Ne3 12. Qd3 Nxf1 13. Rxf1 c5 14. Be3 Bb7 15. O-O-O Rd8 16. Nd6+ Bxd6 17. Qxd6 Qxd6 18. Rxd6 Rc8 19. Rfd1 Rc7 20. b3 Bc8 21. g4 O-O 22. f5 f6 23. exf6 gxf6 24. Bh6 Re8 25. g5 fxg5 26. f6 Kf7 27. Bxg5 Rg8 28. Bf4 Kxf6 29. R6d3 Rc6 30. Rh3 Rg7 31. Rf1 Ke7 32. Be5 Rf7 33. Rxf7+ Kxf7 34. Rxh7+ Kg6 35. Rg7+ Kf5 36. Bc3 e5 37. h4 Rh6 38. Rg5+ Kf6 39. Rxe5 Kf7 40. Rxc5 Bb7 41. h5 Ke6 42. Bd2 Rh7 43. h6 Bc6 44. Rh5 Kf7 45. b4 Ke6 46. Bc3 d6 47. Bg7 Bb7 48. Kd2 Bc6 49. Ke3 Kf7 50. Kd4 Ke6 51. b5 axb5 52. cxb5 Bb7 53. a4 d5 54. a5 Kd6 55. a6 Ba8 56. b6 Kc6 57. b7 Bxb7 58. axb7 Kxb7 59. Kxd5 Kc7 60. Ke6 1-0

[Event "CAN-ch U20"]
[Site "Mississauga CAN"]
[Date "2011.04.25"]
[Round "9"]
[White "Qin, Zi Yi (Joey)"]
[Black "Zhang, Yuanchen"]
[Result "1-0"]
[WhiteElo "2370"]
[BlackElo "1914"]
[PlyCount "47"]
[GameId "2160767909778829"]
[EventDate "2011.04.22"]
[EventType "swiss"]
[EventRounds "9"]
[EventCountry "CAN"]
[SourceTitle "hb 2012"]

1. g3 d5 2. Nf3 c5 3. Bg2 Nc6 4. O-O e6 5. d3 Bd6 6. e4 Nge7 7. Nbd2 Qc7 8. Ne1 O-O 9. f4 f6 10. Nef3 a6 11. Qe2 b5 12. b3 d4 13. e5 fxe5 14. fxe5 Nd5 15. exd6 Qxd6 16. Ne4 Qe7 17. Bg5 Qa7 18. Rae1 Bd7 19. Bd2 Nce7 20. Ne5 Bc8 21. Rxf8+ Kxf8 22. Qf2+ Ke8 23. Qf7+ Kd8 24. Bg5 1-0

[Event "Hamilton Winter op"]
[Site "Hamilton CAN"]
[Date "2011.03.27"]
[Round "5"]
[White "Zhang, Yuanchen"]
[Black "Ferreira, Alex"]
[Result "0-1"]
[WhiteElo "1890"]
[BlackElo "2081"]
[PlyCount "113"]
[GameId "2160767909787300"]
[EventDate "2011.03.26"]
[EventType "swiss"]
[EventRounds "6"]
[EventCountry "CAN"]
[SourceTitle "hb 2012"]

1. d4 d6 2. c4 e5 3. d5 f5 4. Nc3 Nf6 5. Bg5 Be7 6. g3 Nxd5 7. cxd5 Bxg5 8. Bg2 O-O 9. e3 Nd7 10. Nge2 f4 11. exf4 exf4 12. f3 Ne5 13. Nd4 Nc4 14. Ne4 Qe8 15. Qe2 Ne3 16. Nxg5 Nxg2+ 17. Kf2 Qxe2+ 18. Nxe2 Re8 19. Ne4 Ne3 20. Nxf4 Ng4+ 21. Kg2 Bf5 22. Rhe1 Bxe4 23. fxe4 c6 24. Rad1 c5 25. Ne6 Re7 26. h3 Ne5 27. Rf1 b5 28. Rf2 a5 29. Rdf1 Rf7 30. Rxf7 Nxf7 31. Kf2 Nd8 32. Nxd8 Rxd8 33. Ke3 Re8 34. Kd3 a4 35. Rf4 Re7 36. a3 h6 37. h4 Rf7 38. Kc3 Kf8 39. b3 axb3 40. Kxb3 Ke7 41. a4 bxa4+ 42. Kxa4 g5 43. Rxf7+ Kxf7 44. hxg5 hxg5 45. Kb5 Kf6 46. Kc4 Ke5 47. Kd3 g4 48. Ke3 c4 49. Kd2 Kxe4 50. Kc3 Kxd5 51. Kd2 Ke4 52. Kc3 d5 53. Kd2 d4 54. Ke2 c3 55. Kd1 d3 56. Ke1 Kf3 57. Kd1 0-1

[Event "Scarborough CC Jack Frost U2000"]
[Site "Toronto CAN"]
[Date "2011.01.13"]
[Round "2"]
[White "Xie, Peter"]
[Black "Zhang, Yuanchen"]
[Result "1-0"]
[WhiteElo "1631"]
[BlackElo "1617"]
[PlyCount "74"]
[GameId "2160767909829667"]
[EventDate "2011.01.06"]
[EventType "swiss"]
[EventRounds "7"]
[EventCountry "CAN"]

1. e4 c5 2. Nc3 e6 3. f4 Nc6 4. Nf3 Nge7 5. d4 cxd4 6. Nxd4 Nxd4 7. Qxd4 Nc6 8. Qf2 Bb4 9. Bd2 Qe7 10. Bd3 Bc5 11. Qg3 O-O 12. O-O-O Nb4 13. f5 b6 14. Rhf1 f6 15. e5 Bd4 16. exf6 Bxf6 17. Bc4 d5 18. Bb3 Ba6 19. Rfe1 Bh4 20. Rxe6 Qxe6 21. Qxh4 Qxf5 22. Qxb4 Bb7 23. Qd4 Rad8 24. g4 Qf3 25. h4 Kh8 26. Bh6 Rf7 27. Bg5 Rdd7 28. Qe5 Rf8 29. Qd4 Rff7 30. Ba4 Rc7 31. Qe5 Rc8 32. Qd4 Rcc7 33. Be8 Rf8 34. Qe5 Rc8 35. Bd7 Rb8 36. Bf5 Rbe8 37. Qd4 Bc6 1-0

[Event "Pere Noel"]
[Site "Montreal CAN"]
[Date "2010.12.26"]
[Round "1"]
[White "Zhang, Yuanchen"]
[Black "Prahov, Valentin"]
[Result "0-1"]
[WhiteElo "1838"]
[BlackElo "2191"]
[PlyCount "44"]
[GameId "2160767909833896"]
[EventDate "2010.12.26"]
[EventType "swiss"]
[EventRounds "5"]
[EventCountry "CAN"]
[SourceTitle "EXT 2013"]
[Source "ChessBase"]
[SourceDate "2012.11.22"]
[SourceVersion "1"]
[SourceVersionDate "2012.11.22"]
[SourceQuality "1"]

1. d4 Nf6 2. c4 g6 3. Nc3 d5 4. e3 Bg7 5. Nf3 O-O 6. b3 c5 7. Bb2 Nc6 8. Be2 cxd4 9. Nxd4 e5 10. Nxc6 bxc6 11. Ba3 Qa5 12. Qc1 d4 13. b4 Qc7 14. exd4 exd4 15. Nd1 Re8 16. Qd2 Ne4 17. Qc1 d3 18. Bxd3 Ng3+ 19. Ne3 Nxh1 20. Rb1 Nxf2 21. Kxf2 Qf4+ 22. Ke2 Bh6 0-1